[Event "HUN-chT2 Breyer 2223"]
[Site "Hungary"]
[Date "2023.02.19"]
[Round "8.10"]
[White "Pregitzer, Gyorgy"]
[Black "Felmery, Tamas"]
[Result "1/2-1/2"]
[WhiteElo "1640"]
[BlackElo "1815"]
[PlyCount "83"]
[EventDate "2022.10.16"]
[EventType "team-tourn"]
[EventRounds "11"]
[EventCountry "HUN"]
[SourceTitle "EXT 2025"]
[Source "ChessBase"]
[SourceDate "2024.10.14"]
[SourceVersion "1"]
[SourceVersionDate "2024.10.14"]
[SourceQuality "1"]
[WhiteTeam "Zsambek"]
[BlackTeam "Biatorbagy II"]
[WhiteTeamCountry "HUN"]
[BlackTeamCountry "HUN"]

1. f4 d5 2. Nf3 g6 3. e3 Bg7 4. c3 Nd7 5. d4 Ngf6 6. Bd3 a6 7. 0-0 c5 8. Nbd2 0-0 9. b3 b5 10. Ne5 Bb7 11. Bb2 cxd4 12. cxd4 Rc8 13. Qe2 Qb6 14. Ndf3 e6 15. Nxd7 Nxd7 16. Ne5 Nxe5 17. fxe5 f6 18. exf6 Rxf6 19. Rxf6 Bxf6 20. Rf1 Rf8 21. Qd2 a5 22. Ba3 b4 23. Bb2 Qd6 24. g3 Kg7 25. Rc1 Bg5 26. Rf1 Bf6 27. Rc1 e5 28. Bf1 exd4 29. Bxd4 Rf7 30. Bxf6+ Rxf6 31. Qd4 Kh6 32. Rc5 Qd8 33. e4 Qf8 34. Bg2 Ba6 35. h4 dxe4 36. Qe3+ Kg7 37. Rc7+ Kg8 38. Bxe4 Qd6 39. Rc6 Qd1+ 40. Kh2 Rxc6 41. Bxc6 Qc2+ 42. Bg2 1/2-1/2

[Event "HUN-chT2 Breyer 2223"]
[Site "Hungary"]
[Date "2023.02.12"]
[Round "7.11"]
[White "Szakolczai, Alex"]
[Black "Felmery, Tamas"]
[Result "1-0"]
[WhiteElo "1256"]
[BlackElo "1815"]
[PlyCount "103"]
[EventDate "2022.10.16"]
[EventType "team-tourn"]
[EventRounds "11"]
[EventCountry "HUN"]
[SourceTitle "EXT 2025"]
[Source "ChessBase"]
[SourceDate "2024.10.14"]
[SourceVersion "1"]
[SourceVersionDate "2024.10.14"]
[SourceQuality "1"]
[WhiteTeam "Budapest MTK II"]
[BlackTeam "Biatorbagy II"]
[WhiteTeamCountry "HUN"]
[BlackTeamCountry "HUN"]

1. d4 d5 2. c4 dxc4 3. e4 e6 4. Bxc4 Nf6 5. Nc3 Be7 6. Nf3 Nc6 7. 0-0 a6 8. a3 b5 9. Ba2 Bb7 10. h3 0-0 11. Bf4 b4 12. axb4 Nxb4 13. Bb1 c5 14. Qd2 cxd4 15. Nxd4 Bc5 16. Rd1 Re8 17. Nb3 Qxd2 18. Rxd2 Be7 19. Na5 Bc8 20. e5 Nfd5 21. Be4 Rb8 22. Bxd5 Nxd5 23. Nc6 Rb6 24. Nxd5 exd5 25. Nxe7+ Rxe7 26. Rxd5 Re8 27. Rd2 Be6 28. Be3 Rc6 29. Rd6 Rxd6 30. exd6 Bc4 31. Bc5 Rd8 32. Re1 Be6 33. Rd1 Bd7 34. Bb6 Rb8 35. Bc7 Rxb2 36. Re1 Be6 37. Rxe6 fxe6 38. d7 Rd2 39. d8Q+ Rxd8 40. Bxd8 Kf7 41. Kf1 Ke8 42. Ba5 Kd7 43. Ke2 Kd6 44. Kd3 Kd5 45. f4 g6 46. Bc3 h6 47. g4 h5 48. gxh5 gxh5 49. h4 Kd6 50. Kd4 Ke7 51. Ke5 Kf7 52. Bb4 1-0

[Event "Biatorbagy Gal Memorial 1st"]
[Site "Biatorbagy"]
[Date "2013.01.18"]
[Round "5"]
[White "Czibulka, Zoltan"]
[Black "Felmery, Tamas"]
[Result "1-0"]
[WhiteElo "2053"]
[BlackElo "1768"]
[PlyCount "91"]
[EventDate "2012.11.30"]
[EventType "swiss"]
[EventRounds "7"]
[EventCountry "HUN"]
[SourceTitle "EXT 2014"]
[Source "ChessBase"]
[SourceDate "2013.11.20"]
[SourceVersion "1"]
[SourceVersionDate "2013.11.20"]
[SourceQuality "1"]

1. Nf3 c5 2. c4 Nc6 3. d4 cxd4 4. Nxd4 Qb6 5. e3 e6 6. Nc3 a6 7. Be2 Bb4 8. Qd3 Nf6 9. Bd2 d5 10. Nf3 dxc4 11. Qxc4 Bd7 12. 0-0 Qd8 13. Rfd1 b5 14. Qd3 0-0 15. a3 Be7 16. Ne4 Nxe4 17. Qxe4 f5 18. Qd3 Be8 19. Qb3 Bf7 20. Bc3 Qc7 21. Qc2 Rac8 22. Rac1 Qb7 23. Qb1 b4 24. axb4 Nxb4 25. Qa1 Rfd8 26. Ne5 Be8 27. Bxb4 Rxc1 28. Rxc1 Qxb4 29. Qxa6 Bd6 30. Nc4 Bb5 31. Qb6 Rd7 32. Nxd6 Rxd6 33. Qxb5 Qxb5 34. Bxb5 Rb6 35. Rc5 Kf7 36. Kf1 h5 37. h4 Kf6 38. f4 Rb7 39. Ke2 Ra7 40. Bc4 Rb7 41. b3 Rb6 42. Rb5 Rd6 43. b4 Rc6 44. Rc5 Rd6 45. b5 g6 46. Rc6 1-0

[Event "Budapest-chT1 Lilienthal 1213"]
[Site "Budapest"]
[Date "2012.11.25"]
[Round "4"]
[White "Felmery, Tamas"]
[Black "Karacsonyi, Gellert"]
[Result "0-1"]
[WhiteElo "1768"]
[BlackElo "1491"]
[PlyCount "124"]
[EventDate "2012.09.30"]
[EventType "team-tourn"]
[EventRounds "11"]
[EventCountry "HUN"]
[SourceTitle "EXT 2019"]
[Source "ChessBase"]
[SourceDate "2018.10.10"]
[SourceVersion "1"]
[SourceVersionDate "2018.10.10"]
[SourceQuality "1"]
[WhiteTeam "Taban Spartacus II"]
[BlackTeam "Budapest REAC SISE"]
[WhiteTeamCountry "HUN"]
[BlackTeamCountry "HUN"]

1. c4 f5 2. d4 Nf6 3. g3 g6 4. Bg2 Bg7 5. Nc3 0-0 6. e4 fxe4 7. Nxe4 d6 8. Nxf6+ exf6 9. Ne2 f5 10. 0-0 c5 11. d5 g5 12. Rb1 a5 13. a3 h6 14. b4 axb4 15. axb4 b6 16. bxc5 bxc5 17. Bb2 Bxb2 18. Rxb2 Nd7 19. f4 g4 20. h3 h5 21. Qd3 Nf6 22. Nc3 Re8 23. Nb5 Ne4 24. hxg4 hxg4 25. Re2 Nf6 26. Rfe1 Rxe2 27. Rxe2 Ra1+ 28. Kf2 Qf8 29. Qc3 Rb1 30. Qc2 Ra1 31. Qb2 Rd1 32. Qc2 Ra1 33. Nc3 Ra7 34. Re1 Re7 35. Re2 Qe8 36. Nb5 Rxe2+ 37. Qxe2 Qxe2+ 38. Kxe2 Ne8 39. Kd2 Kf7 40. Bf1 Ke7 41. Bd3 Nf6 42. Nc3 Nh5 43. Ne2 Kd8 44. Kc3 Kc7 45. Kb3 Kb6 46. Ka3 Ka5 47. Bb1 Bd7 48. Bc2 Bc8 49. Ba4 Nf6 50. Bc2 Ne4 51. Bxe4 fxe4 52. Kb3 Bf5 53. Kc3 Ka4 54. Nc1 e3 55. Nd3 Ka3 56. Nc1 Be4 57. Ne2 Ka2 58. Nc1+ Kb1 59. Ne2 Bf5 60. Kb3 Bd3 61. Kc3 Bxe2 62. f5 Bxc4 0-1

[Event "HUN-chT2 Breyer 0910"]
[Site "Hungary"]
[Date "2010.05.02"]
[Round "11"]
[White "Felmery, Tamas"]
[Black "Rozsa, Sandor"]
[Result "0-1"]
[WhiteElo "1774"]
[BlackElo "2005"]
[PlyCount "122"]
[EventDate "2009.11.08"]
[EventType "team-tourn"]
[EventRounds "11"]
[EventCountry "HUN"]
[SourceTitle "EXT 2011"]
[Source "ChessBase"]
[SourceDate "2010.11.26"]
[SourceVersion "1"]
[SourceVersionDate "2010.11.26"]
[SourceQuality "1"]
[WhiteTeam "Biatorbagy"]
[BlackTeam "Honved II"]
[WhiteTeamCountry "HUN"]
[BlackTeamCountry "HUN"]

1. c4 Nf6 2. d4 e6 3. Nc3 Bb4 4. a3 Bxc3+ 5. bxc3 c5 6. Qc2 Nc6 7. Nf3 0-0 8. e4 cxd4 9. cxd4 d5 10. e5 Ne4 11. cxd5 Qa5+ 12. Bd2 Nxd2 13. Qxd2 Qxd2+ 14. Kxd2 exd5 15. Bd3 Bg4 16. Ke3 f6 17. Rab1 Bxf3 18. gxf3 fxe5 19. dxe5 Nxe5 20. Be2 b6 21. Rb3 Rfd8 22. Rd1 Rac8 23. Kd4 Nc6+ 24. Kd3 Kf7 25. Kd2 Na5 26. Rc3 Rxc3 27. Kxc3 Ke6 28. Rd4 Rc8+ 29. Kb2 Ke5 30. Rh4 h6 31. Rh5+ Kd6 32. Rf5 Nc4+ 33. Kb3 Na5+ 34. Kb2 Rc7 35. f4 Nc4+ 36. Kb3 Nd2+ 37. Kb2 Ne4 38. f3 Nf6 39. Re5 Re7 40. Rxe7 Kxe7 41. Kc3 Nh5 42. f5 Nf4 43. Ba6 Kf6 44. Bc8 Ke5 45. Kd2 d4 46. a4 Kd5 47. Bb7+ Kc5 48. Ba6 Nd5 49. Bc8 b5 50. axb5 Kxb5 51. Kd3 Kc5 52. Bd7 a5 53. Ba4 Nb6 54. Bb3 a4 55. Be6 Nd5 56. Kc2 Nf4 57. Ba2 Kb4 58. Bb1 a3 59. Ba2 Ne2 60. Kd2 Ng1 61. Bd5 Nxf3+ 0-1

[Event "HUN-chT2 Breyer 0910"]
[Site "Hungary"]
[Date "2009.12.06"]
[Round "3"]
[White "Felmery, Tamas"]
[Black "Villanyi, Laszlo"]
[Result "1-0"]
[WhiteElo "1774"]
[BlackElo "1948"]
[PlyCount "89"]
[EventDate "2009.11.08"]
[EventType "team-tourn"]
[EventRounds "11"]
[EventCountry "HUN"]
[SourceTitle "EXT 2011"]
[Source "ChessBase"]
[SourceDate "2010.11.26"]
[SourceVersion "1"]
[SourceVersionDate "2010.11.26"]
[SourceQuality "1"]
[WhiteTeam "Biatorbagy"]
[BlackTeam "Gyor Komszomol"]
[WhiteTeamCountry "HUN"]
[BlackTeamCountry "HUN"]

1. c4 Nf6 2. d4 g6 3. Nc3 Bg7 4. e4 d6 5. f4 0-0 6. Bd3 c5 7. d5 Na6 8. Nf3 e6 9. 0-0 exd5 10. cxd5 Nc7 11. h3 b5 12. a3 a5 13. Re1 c4 14. Bc2 Bb7 15. Ne2 Na6 16. Be3 Re8 17. Ng3 Rc8 18. Bd4 Nc5 19. Rc1 a4 20. Qd2 Nb3 21. Bxb3 axb3 22. Qb4 Qd7 23. Re2 h5 24. Rce1 h4 25. Nf1 Nh5 26. Qd2 Ng3 27. Nxg3 hxg3 28. Bxg7 Kxg7 29. Qd4+ Kg8 30. Ng5 Ba6 31. Re3 Ra8 32. Rxg3 Qa7 33. Qxa7 Rxa7 34. Rge3 f6 35. Ne6 Bc8 36. Nd4 Bd7 37. Rc3 Kf7 38. Kf2 Re7 39. g4 Ra8 40. Rce3 Rae8 41. Nf3 Rh8 42. Kg3 Ke8 43. e5 Reh7 44. exf6+ Kd8 45. Ng5 1-0

[Event "HUN-chT2 Breyer 0910"]
[Site "Hungary"]
[Date "2009.11.22"]
[Round "2"]
[White "Felmery, Tamas"]
[Black "Igler, Szilard"]
[Result "0-1"]
[WhiteElo "1774"]
[BlackElo "1777"]
[PlyCount "88"]
[EventDate "2009.11.08"]
[EventType "team-tourn"]
[EventRounds "11"]
[EventCountry "HUN"]
[SourceTitle "EXT 2011"]
[Source "ChessBase"]
[SourceDate "2010.11.26"]
[SourceVersion "1"]
[SourceVersionDate "2010.11.26"]
[SourceQuality "1"]
[WhiteTeam "Biatorbagy"]
[BlackTeam "Turul"]
[WhiteTeamCountry "HUN"]
[BlackTeamCountry "HUN"]

1. c4 Nf6 2. d4 e6 3. Nc3 b6 4. Qc2 d5 5. e3 c5 6. dxc5 Bxc5 7. cxd5 Nxd5 8. Bb5+ Bd7 9. Bxd7+ Qxd7 10. a3 Nc6 11. Nf3 Rc8 12. Nxd5 Qxd5 13. 0-0 Qh5 14. b4 Bd6 15. Bb2 0-0 16. Qe4 Rc7 17. Rfd1 Be7 18. Rac1 Rfc8 19. Rd2 Qg6 20. Qxg6 hxg6 21. Rdc2 Bd6 22. b5 Ne5 23. Rxc7 Nxf3+ 24. gxf3 Rxc7 25. Rxc7 Bxc7 26. f4 f6 27. a4 Kf7 28. Kg2 Ke7 29. Kf3 Kd6 30. Ba3+ Kd5 31. Bf8 Kc4 32. Bxg7 f5 33. e4 Kb4 34. exf5 exf5 35. Be5 Bd8 36. Ke3 Kxa4 37. Kd4 Kxb5 38. Kd5 Bh4 39. Bd4 a5 40. Ke6 a4 41. Kf7 a3 42. Kxg6 Kc4 43. Ba1 Bxf2 44. Kxf5 Bd4 0-1